| 000 | 00369nam a2200145Ia 4500 | ||
|---|---|---|---|
| 008 | 150201s1999 xx 000 0 und d | ||
| 082 |
_a615.321 _bB1999K |
||
| 100 | _aKATZUNG,BERTRMAN | ||
| 245 | _aBASIC & CLINICAL PHARMACOLOGY | ||
| 250 | _a6H | ||
| 260 |
_bLANGE PUBLICATION _aEASTNORWALLC _c1999 |
||
| 300 | _a1-1045 | ||
| 650 | _aPHARMACOLOGY | ||
| 942 |
_2ddc _cBK _01 |
||
| 999 |
_c4097 _d4097 |
||